Compendio y atlas de electrocardiografía / (Record no. 84688)

MARC details
000 -LEADER
campo de control de longitud fija 00648nam a2200181 i 4500
001 - NÚMERO DE CONTROL
campo de control 84688
003 - IDENTIFICADOR DE NÚMERO DE CONTROL
campo de control ES-MaACL
005 - FECHA Y HORA DE LA ÚLTIMA TRANSACCIÓN
campo de control 20230906175053.0
007 - CAMPO FIJO DE DESCRIPCIÓN FÍSICA--INFORMACIÓN GENERAL
campo de control de longitud fija t|
008 - DATOS DE LONGITUD FIJA--INFORMACIÓN GENERAL
campo de control de longitud fija 041123s1948 sp ||||1| spa d
100 1# - ENTRADA PRINCIPAL--NOMBRE DE PERSONA
Nombre de persona Jansen, Guillermo H.
9 (RLIN) 66058
245 10 - MENCIÓN DEL TÍTULO
Título Compendio y atlas de electrocardiografía /
Mención de responsabilidad, etc. por Guillermo H. Jansen y Juan Haas ; traducido del alemán y con notas adicionales por J. Gilbert-Queraltó.
260 ## - PUBLICACIÓN, DISTRIBUCIÓN, ETC.
Lugar de publicación, distribución, etc. Barcelona :
Nombre del editor, distribuidor, etc. Pubul,
Fecha de publicación, distribución, etc. 1948 (
Fabricante La Neotipia)
300 ## - DESCRIPCIÓN FÍSICA
Extensión 163 p. :
Otras características físicas il. ;
Dimensiones 29 cm.
700 1# - ENTRADA AGREGADA--NOMBRE PERSONAL
Nombre de persona Gibert-Queraltó, Juan (
Fechas asociadas al nombre 1907-1998)
9 (RLIN) 56653
700 1# - ENTRADA AGREGADA--NOMBRE PERSONAL
Nombre de persona Haas, Hans.
9 (RLIN) 163241
852 ## - LOCALIZACIÓN
Ubicación ES-MaACL
Número de control de estantería B-1727
Sublocalización o colección R.25748
Holdings
Estatus retirado Estado de pérdida Estado de daño No para préstamo Biblioteca de origen Biblioteca actual Ubicación en estantería Fecha de adquisición Fuente de adquisición Total de préstamos Signatura topográfica completa Código de barras Visto por última vez Precio de reemplazo Tipo de ítem Koha
        Biblioteca del Ateneo de Madrid Biblioteca del Ateneo de Madrid Sala Pardo Bazán 17/01/2008     B-1727 1088506 23/02/2023 23/02/2023 Libro impreso